TTJ year book 2007: (Record no. 28738)

MARC details
000 -LEADER
fixed length control field 00907nam a22002297a 4500
005 - DATE AND TIME OF LATEST TRANSACTION
control field 20090728143051.0
008 - FIXED-LENGTH DATA ELEMENTS--GENERAL INFORMATION
fixed length control field 090728t xxu||||| |||| 00| 0 eng d
010 ## - LCCN (DPL NO)
LC control number ENG-94585
020 ## - INTERNATIONAL STANDARD BOOK NUMBER
Terms of availability 900.00
035 ## - SYSTEM CONTROL NUMBER
System control number EN-78118
037 ## - SOURCE OF ACQUISITION
Source of stock number/acquisition DBAD / PUB
040 ## - CATALOGING SOURCE
Original cataloging agency dpl
Language of cataloging English
082 ## - DEWEY DECIMAL CLASSIFICATION NUMBER
Classification number 343.5405
100 ## - MAIN ENTRY--PERSONAL NAME
Personal name Bissa, Raman
245 ## - TITLE STATEMENT
Title TTJ year book 2007:
Remainder of title a unique yearly digest of ITAT orders published during the year 2006 in: TTJ & ITD /
Statement of responsibility, etc by Raman Bissa [and] Rajesh Kapoor
260 ## - PUBLICATION, DISTRIBUTION, ETC. (IMPRINT)
Place of publication, distribution, etc Jodhpur
Name of publisher, distributor, etc Current Tax Reporter
Date of publication, distribution, etc 2007
270 ## - ADDRESS
Address Archana, 34-Heavy Industrial Area,
City Jodhpur
Postal code 342003
300 ## - PHYSICAL DESCRIPTION
Extent 668p.
Dimensions 24cm(Hb)
700 ## - ADDED ENTRY--PERSONAL NAME
Personal name Kapoor, Rajesh
942 ## - ADDED ENTRY ELEMENTS (KOHA)
Source of classification or shelving scheme Dewey Decimal Classification
Item type English Books
Call number suffix BIS
Classification part 343.5405
Holdings
Withdrawn status Lost status Source of classification or shelving scheme Damaged status Not for loan Collection code Home library Current library Date acquired Source of acquisition Cost, normal purchase price Total Checkouts Full call number Barcode Date last seen Copy number Cost, replacement price Koha item type
    Dewey Decimal Classification   Not For Loan Non-fiction D.B.Act.Division D.B.Act.Division 28/07/2009 DBAD / PUB 900.00   343.5405 BIS EN-78118 28/07/2009 1 900.00 English Books

© Delhi Public Library
Hit Counter
free hit counter